UM Logo

Hospitality and tourism marketing (Record no. 1103)

MARC details
000 -LEADER
fixed length control field 00537nam a22001697a 4500
008 - FIXED-LENGTH DATA ELEMENTS--GENERAL INFORMATION
fixed length control field 160218b xxu||||| |||| 00| 0 eng d
020 ## - INTERNATIONAL STANDARD BOOK NUMBER
International Standard Book Number 978-93-5115-126-5
082 ## - DEWEY DECIMAL CLASSIFICATION NUMBER
Edition number 2014
Classification number DC 647.940688
Item number H794
245 ## - TITLE STATEMENT
Title Hospitality and tourism marketing
260 ## - PUBLICATION, DISTRIBUTION, ETC. (IMPRINT)
Place of publication, distribution, etc. UAE:
Name of publisher, distributor, etc. 3G Elearning,
Date of publication, distribution, etc. c2014.
300 ## - PHYSICAL DESCRIPTION
Extent 254 pages;
Dimensions 23 cm.
500 ## - GENERAL NOTE
General note Includes bibliographical references.
650 #0 - SUBJECT ADDED ENTRY--TOPICAL TERM
9 (RLIN) 3049
Topical term or geographic name as entry element Hospitality industry
General subdivision Marketing.
650 #0 - SUBJECT ADDED ENTRY--TOPICAL TERM
9 (RLIN) 3050
Topical term or geographic name as entry element Tourist trade
General subdivision Marketing.
650 #0 - SUBJECT ADDED ENTRY--TOPICAL TERM
9 (RLIN) 3051
Topical term or geographic name as entry element Tourism
General subdivision Marketing.
942 ## - ADDED ENTRY ELEMENTS (KOHA)
Source of classification or shelving scheme Dewey Decimal Classification
Koha item type Circulation
Holdings
Withdrawn status Lost status Source of classification or shelving scheme Damaged status Not for loan Collection code Home library Current library Shelving location Date acquired Source of acquisition Total Checkouts Full call number Barcode Date last seen Copy number Price effective from Koha item type
    Dewey Decimal Classification     Circulation UM Digos College - LIC UM Digos College - LIC Book Cart 08/28/2015 Purchased   DC 647.940688 H794 2014 23341 05/15/2025 1 02/18/2016 Circulation